Logos d'assurances - Statistiques

Statistiques générales
  • Ce quiz a été pris 87 fois
  • Le résultat moyen est 8 sur 12
Statistiques - réponses
Par images Réponse % Correct
CIC
95%
Allianz
90%
MMA
90%
AXA
86%
Maaf
79%
Macif
73%
GMF
70%
Direct assurance
59%
Groupama
56%
Matmut
55%
Gan assurance
35%
AGF
4%
Aucun quiz correspondant
Distribution des résultats
% des personnes avec chaque résultat
Percentile par nombre de réponses
Votre historique - résultats
Vous n’avez pas pris ce quiz